LEADER 00976nam0 2200277 450 001 000004344 005 20050630120200.0 010 - $a88-386-6049-2 100 $a--------d2002----km-y0itay50------ba 101 1 $aita 102 $aIT 200 1 $aIntroduzione alla statistica per le scienze sociali$fIan Diamond, Julie Jefferies 210 $aMilano [etc.]$cMcGraw-Hill$d2002c 215 $aXII, 248 p.$cill.$d24 cm 225 2 $aCollana di istruzione scientifica 304 $aTit. orig. : Beginning statistics. An introduction for social scientist 410 0$12001$aCollana di istruzione scientifica 610 1 $aScienze sociali$aMetodi statistici 676 $a300.72 700 1$aDiamond,$bIan$0148081 701 1$aJefferies,$bJulie$0148082 801 0$aIT $bUNIPARTHENOPE $gRICA $2UNIMARC 912 $a000004344 951 $cNAVA1$a300-I/1$b35597$d20021119 996 $aBeginning statistics : an introduction for social scientists$930115 997 $aUNIPARTHENOPE LEADER 01387nam0 22002771i 450 001 UON00407243 005 20231205104724.413 100 $a20120321d1986 |0itac50 ba 101 $apor 102 $aPT 105 $a|||| 1|||| 200 1 $aHistória do galego-português$eestado linguístico da Galiza e do Noroeste de Portugal desde o século XIII ao século XVI$ecom referência à situação do galego moderno$fClarinda de Azevedo Maia 210 $aCoimbra$cInstituto nacional de investigação científica$d1986 215 $aXV, 1007 p., 1 c. geogr. ripieg.$d23 cm. 410 1$1001UON00174923$12001 $aLinguística$1210 $aLisboa$cInstituto Nacional de Investigação Científica$v9 606 $aLingua gallega$xStoria$xSec. 13.-16.$3UONC081511$2FI 620 $aPT$dCoimbra$3UONL002407 676 $a469.700 9$cLingua portoghese. Storia, geografia, persone$v21 700 1$aMAIA$bClarinda Azevedo : de$3UONV207964$0707977 712 $aInstituto Nacional de Investigação Científica$3UONV266242$4650 801 $aIT$bSOL$c20250613$gRICA 899 $aSIBA - SISTEMA BIBLIOTECARIO DI ATENEO$2UONSI 912 $aUON00407243 950 $aSIBA - SISTEMA BIBLIOTECARIO DI ATENEO$dSI Port Ling II 0569 $eSI LO 34861 5 0569 996 $aHistória do galego-português$91345452 997 $aUNIOR LEADER 04419nam 2200529Ia 450 001 9910972646903321 005 20251117061249.0 035 $a(CKB)1000000000756383 035 $a(SSID)ssj0000103213 035 $a(PQKBManifestationID)11984464 035 $a(PQKBTitleCode)TC0000103213 035 $a(PQKBWorkID)10060943 035 $a(PQKB)10968164 035 $a(MiAaPQ)EBC3053366 035 $a(Au-PeEL)EBL3053366 035 $a(CaPaEBR)ebr10288429 035 $a(OCoLC)328594892 035 $a(EXLCZ)991000000000756383 100 $a20011101d1990 uy 0 101 0 $aeng 135 $aurcn||||||||| 181 $ctxt 182 $cc 183 $acr 200 14$aThe anatomy of neoplatonism /$fA.C. Lloyd 205 $a1st ed. 210 $aOxford $cClarendon Press ;$aNew York $cOxford University Press$d1990 215 $aix, 198 p 300 $aBibliographic Level Mode of Issuance: Monograph 311 08$a0-19-824229-8 320 $aIncludes bibliographical references (p. [185]-189) and indexes. 327 $aIntro -- Preface -- Contents -- 1. Attitudes To Logic -- Commentaries and scholia -- The Neoplatonic curriculum -- Conventional features of lectures -- The dialectic methods and the meaning of 'analysis' -- Proclus' comparison of Aristotelian and Parmenidean logic -- The Alexandrian conception of logic -- The criterion of validity -- Logical form -- How much did Neoplatonism influence the logical commentaries? -- A comment on consistency and originality -- 2. Porphyrian Semantics -- Imposition of names -- 'Genus' and 'species' -- Use and mention? -- Singular terms, individuals, and bundles of properties -- Predication -- Predicates as concepts -- Porphyry's two programmes -- When is a proposition one proposition? -- How can a proper name be ambiguous? -- Which animal is predicated? -- The 'unallocated': Transcendent genus or concept? Multiplication of the universal -- The myth of a Neoplatonic nominalism -- The Aristotelianism of Byzantine Neoplatonists -- 3. Quasi-Genera and the Collapse Of Substance and Attribute -- P-series as quasi-genera -- How can they have a deductive logic? First thesis -- Second thesis -- Third thesis: Plotinian and Proclan versions -- Plotinus' radical criticism of substance and attribute -- Two structures, two levels of thought? -- 4. Procession and Decline -- Emanation as external activity: The model in Aristotle's physics -- The Proclan rule -- Defective reception as weakness of the form. Proclus' aversion from dualism -- How monads descend. How transcendental triads function -- Matter replaced by composition of causes? -- Decline of monad as distance from the One. Fundamental equations of force, value, and unity -- 5. The Spiritual Circuit -- Only a particular soul can ascend -- Personal experience integral to Neoplatonism -- Ambiguities of 'reversion' -- Philosophical interpretations of the spiritual circuit. 327 $aAppearance and reality -- 6. The Limits Of Knowledge -- Knowledge as a P-series -- The process of perception -- Natural science. Canons -- Sensation as obscure thinking -- Iamblichus' principle of knowing. Future contingents -- How henads, not intellects, know particulars. The accidental -- 7. Mysticism and Metaphysics -- Pure Intellect in Plotinus -- Pure Intellect and Henads in Proclus -- The loving intellect = pre-intellect -- A constructive interpretation of the motionless movement -- What is presupposed by thought and existence -- What is so valuable about knowledge? -- How consciousness creates -- Bibliography -- Index Locorum -- A -- B -- D -- E -- G -- H -- I -- J -- N -- O -- P -- S -- T -- General Index. 330 $aThe Anatomy of Neoplatonism was the crowning achievement of A. C. Lloyd, the distinguished scholar of late ancient philosophy. He offers a rich and authoritative study of this school of thought, which was highly influential not only on subsequent philosophy but also on Christian theology. His discussion ranges over metaphysics, epistemology, lo. 606 $aNeoplatonism 606 $aPhilosophy, Ancient 615 0$aNeoplatonism. 615 0$aPhilosophy, Ancient. 676 $a186/.4 700 $aLloyd$b A. C$g(Antony C.)$01857863 801 0$bMiAaPQ 801 1$bMiAaPQ 801 2$bMiAaPQ 906 $aBOOK 912 $a9910972646903321 996 $aThe anatomy of neoplatonism$94458951 997 $aUNINA